Radiology of the skull and brain the skull (Registro nro. 64735)
[ vista simple ]
| 000 -ENCABEZADO | |
|---|---|
| Número de control [NR] | 00912nam a2200253Ia 4500 |
| 008 - DE LONGITUD FIJA DE DATOS DE ELEMENTOS - INFORMACIÓN GENERAL | |
| Elementos de longitud fija [NR] | 130821s1971 xxua gr eng |
| 020 ## - NUMERO INTERNACIONAL NORMALIZADO PARA LIBROS [R] | |
| Número Internacional Normalizado del libro [NR] | 801636469 |
| 040 ## - FUENTE DE CATALOGACION [NR] | |
| Agencia de catalogación original [NR] | Co-BoUCM |
| Idioma de catalogación [NR] | spa |
| 041 00 - CODIGO DE IDIOMA [R] | |
| Código de idioma para texto/pista de sonido o título separado [R] | Inglés |
| 092 ## - SIGNATURA TOPOGRAFICA LOCAL | |
| Número de clasificación local | FMR 0154 |
| 245 00 - MENCION DE TITULO [NR] | |
| Título [NR] | Radiology of the skull and brain the skull |
| Mención de responsabilidad, etc. [NR] | editor Thomas H. Newton y D. Gordon Potts |
| 260 ## - PUBLICACION, DISTRIBUCION, ETC. (PIE DE IMPRENTA) [R] | |
| Lugar de publicación, distribución, etc. [R] | San Luis (Misuri, Estados Unidos) |
| Nombre del editor, distribuidor, etc. [R] | Mosby |
| Fecha de publicación, distribución, etc. [R] | 1971 |
| 300 ## - DESCRIPCION FISICA [R] | |
| Extensión [R] | v. 5, 873 páginas |
| Otros detalles físicos [NR] | ilustraciones |
| 500 ## - NOTA GENERAL [R] | |
| Nota general [NR] | Libro disponible en 48 horas a partir de la solicitud. |
| 504 ## - NOTA DE BIBLIOGRAFIA, ETC. [R] | |
| Nota de bibliografía, etc. [NR] | |
| 505 ## - NOTA DE CONTENIDO CON FORMATO PREESTABLECIDO [R] | |
| Información miscelánea [R] | V.4 |
| State manifest and birth record (1764-1977). | Ventricles and cisterns. |
| 505 ## - NOTA DE CONTENIDO CON FORMATO PREESTABLECIDO [R] | |
| Información miscelánea [R] | V.5 |
| State manifest and birth record (1764-1977). | Technical aspects of computed tomography. |
| 650 04 - ASIENTO SECUNDARIO DE MATERIA - TERMINO TEMATICO [R] | |
| Término temático o nombre geográfico como elemento de entrada [NR] | Cabeza |
| Subdivisión general [R] | Radiología |
| 9 (RLIN) | 10262 |
| 650 04 - ASIENTO SECUNDARIO DE MATERIA - TERMINO TEMATICO [R] | |
| Término temático o nombre geográfico como elemento de entrada [NR] | Cráneo |
| Subdivisión general [R] | Radiología |
| 9 (RLIN) | 12076 |
| 650 04 - ASIENTO SECUNDARIO DE MATERIA - TERMINO TEMATICO [R] | |
| Término temático o nombre geográfico como elemento de entrada [NR] | Radiología |
| 9 (RLIN) | 23065 |
| 700 1# - ASIENTO SECUNDARIO - NOMBRE PERSONAL [R] | |
| Nombre personal [NR] | Newton, Thomas H. |
| Término de relación [R] | |
| 9 (RLIN) | 138515 |
| 700 1# - ASIENTO SECUNDARIO - NOMBRE PERSONAL [R] | |
| Nombre personal [NR] | Potts, D. Gordon |
| Término de relación [R] | |
| 9 (RLIN) | 138516 |
| 942 ## - ELEMENTOS DE ENTRADA AGREGADOS (KOHA) | |
| Tipo de ítem principal el descrito en 300a | Libro |
| Tema principal | Medicina |
| Edición | 1 |
| Título oculto en OPAC | No |
| Fecha de último préstamo | Signatura topográfica | Código de barras | Última vez visto | Volúmen / Fascículo | Ejemplar | Price effective from | Tipo de ítem | Nota pública (OPAC) | Perdido | Sistema de clasificación | Dañado | No prestable | Tipo de ítem específico | Suprimido | Ubicación habitual | Ubicación actual | Localización | Fecha de creación | Forma de adquisición | Costo |
|---|---|---|---|---|---|---|---|---|---|---|---|---|---|---|---|---|---|---|---|---|
| 05/03/2010 | ~ | 100103398 | 09/07/2012 | FMR 0154 V.5 | Ej.1 | 03/02/2013 | Libro | LOCAL | Fondos especiales | Archivo Histórico | Archivo histórico | 28/02/2010 | Donación | 26000.00 | ||||||
| 05/03/2010 | ~ | 100103397 | 04/12/2025 | FMR 0154 V.4 | Ej.1 | 03/02/2013 | Libro | Galería de donantes | LOCAL | Fondos especiales | Claustro | Claustro | Procesos Técnicos | 28/02/2010 | Donación | 26000.00 |